Statistics for Closest Major Cities to London by Country

Click here to take the quiz!

General Stats

  • This quiz has been taken 371 times
  • The average score is 15 of 24

Answer Stats

Country Population Distance City % Correct
Ireland1.35 mil465 kmDublin
99%
South Korea24.8 mil8,873 kmSeoul
90%
Turkey14.6 mil2,502 kmIstanbul
85%
Ukraine3.40 mil2,136 kmKiev
82%
Russia5.50 mil2,103 kmSt Petersburg
82%
United Arab Emirates4.15 mil5,479 kmDubai
81%
South Africa13.1 mil9,079 kmJohannesburg
79%
United States7.55 mil5,270 kmBoston
78%
Australia2.03 mil14,495 kmPerth
77%
Netherlands3.18 mil320 kmRotterdam
77%
Spain4.65 mil1,139 kmBarcelona
77%
Switzerland1.38 mil777 kmZurich
76%
Egypt5.25 mil3,361 kmAlexandria
75%
Italy1.67 mil919 kmTurin
71%
Canada4.13 mil5,229 kmMontreal
70%
Belgium1.03 mil316 kmAntwerp
67%
France1.29 mil243 kmLille
51%
Japan2.48 mil8,874 kmSapporo
38%
Saudi Arabia1.37 mil4,513 kmMedina
37%
Morocco1.02 mil1,810 kmTangier
34%
Brazil3.63 mil7,142 kmFortaleza
28%
China3.68 mil6,230 kmÜrümqi
25%
Colombia2.03 mil8,005 kmBarranquilla
24%
Poland2.38 mil1,348 kmKatowice
23%

Score Distribution

Percentile by Number Answered

Percent of People with Each Score

Your Score History

You have not taken this quiz